Analýza odľahlých údajov

Dôležitosť odľahlých údajov ilustrovaná na príklade. Citlivosť výberového priemeru a mediánu na odľahlé údaje. Bod prelomu konečného výberu. Možnosti eliminácie odľahlých hodnôt a niektoré možnosti ich detekcie. Zastrihnutý a winsorizovaný priemer. Príklady.

Gespeichert in:
Bibliographische Detailangaben
1. Verfasser: Terek, Milan
Format: Buchkapitel
Sprache:Slowakisch
Schlagworte:
Tags: Tag hinzufügen
Keine Tags, Fügen Sie das erste Tag hinzu!

MARC

LEADER 00000naa$a2200000$$$4500
001 0087554
005 20240613073948.4
041 0 |a slo 
044 |a SK 
245 1 0 |a Analýza odľahlých údajov  |c Milan Terek 
520 |a Dôležitosť odľahlých údajov ilustrovaná na príklade. Citlivosť výberového priemeru a mediánu na odľahlé údaje. Bod prelomu konečného výberu. Možnosti eliminácie odľahlých hodnôt a niektoré možnosti ich detekcie. Zastrihnutý a winsorizovaný priemer. Príklady. 
610 2 0 |a metódy štatistické 
610 2 0 |a údaje štatistické 
610 2 0 |a štatistika 
100 1 |a Terek, Milan